| 000 | 00916nac a22002897a 4500 | ||
|---|---|---|---|
| 001 | BR7375896 | ||
| 003 | BR-BrBNA | ||
| 005 | 20240105113736.0 | ||
| 008 | 230509b bl.|||m| |||| 00| 0 por d | ||
| 040 |
_aBR-BrBNA _bpor _cBiblioteca Nacional de Agricultura |
||
| 072 | _aE15 | ||
| 090 | _aE15 BR7375896 | ||
| 100 | 1 | _aSantos, R. | |
| 110 | 1 | _aInstituto do Desenvolvimento Economico-Social do Para, Belem (Brasil) | |
| 245 | 1 | _aProblemas do emprego em Belem [Comunidade rural; Brasil] | |
| 260 | 3 |
_aBelem, PA (Brasil): _c1966. |
|
| 300 | _a54 p. | ||
| 490 |
_aCadernos Paraenses - Instituto do Desenvolvimento Economico-Social do Para (Brazil) _vno. 2 _x |
||
| 500 | _a24 ref.; Summary (PT); 9 tables | ||
| 650 | _aCOMUNIDADE RURAL | ||
| 650 | _aMAO-DE-OBRA | ||
| 650 | _aTRABALHO | ||
| 650 | _aBELEM | ||
| 650 | _aPARA | ||
| 909 |
_a202312 _bLúcia Elande _c55 _dLúcia Elande |
||
| 942 |
_2AGRIS _n0 _cMS |
||
| 999 |
_c265295 _d265295 |
||